| 000 | 01678nam0a2200397 4500 | ||
|---|---|---|---|
| 001 | RU\NLR\ONL2\3267 | ||
| 005 | 20260407070906.0 | ||
| 035 | _a(NLR Aleph) 009650868 | ||
| 090 |
_a9573064 _c9573064 |
||
| 100 | _a20050511d1935 |||y0rusy50 ca | ||
| 101 | 0 | _aesk | |
| 102 | _aRU | ||
| 105 | _ay ||||||||| | ||
| 135 | _acrcn 024anaba | ||
| 200 | 1 |
_aArifmetika nutan hatarjuhwathanun apьhturevigmun _eЧ. 1 |
|
| 210 |
_aM. _aL. _cUcpedgiz _d1935 |
||
| 215 |
_a68 с. _d23 |
||
| 325 | _aКопия доступна в Электрон. б-ке РНБ | ||
| 541 | 1 |
_6z01790 _aУчебник арифметики для начальных школ _zrus |
|
| 606 | 0 |
_aАрифметика _91005829 _3RU\NLR\auth\6664428 |
|
| 686 | 1 | _aВ10 я7 | |
| 700 | 1 |
_4070 _7ba _8rus _aPopova _bN. S. _cпедагог-математик _f1885-1975 _gNatal'ja Sergeevna _3RU\NLR\AUTH\770198606 _9198555 |
|
| 790 | 1 |
_4070 _7ca _8rus _aПопова _bН. С. _cпедагог-математик _f1885-1975 _gНаталья Сергеевна _3RU\NLR\AUTH\770198576 _9198525 |
|
| 801 | 0 |
_aRU _bNLR _c20050511 _gPSBO |
|
| 852 |
_aNLR _bОНЛ _jЭским./3-5 |
||
| 856 | 0 | _uhttps://vivaldi.nlr.ru/bx000037447/view | |
| 856 | 1 | _uhttps://vivaldi.nlr.ru/bx000037447/cover | |
| 856 | 2 | _uhttps://vivaldi.nlr.ru/bx000037447/text | |
| 901 | _eКнижные издания: ОНЛ | ||
| 942 | _cBOOK | ||
| 980 | _aNB | ||
| 980 | _aONL_RF | ||
| 981 | 2 | 3 |
_a(23) Национальные литературы _b(23) Книги на национальных языках |